Adapting to climate change (Record no. 106678)

MARC details
000 -LEADER
fixed length control field 01886cam a2200253 4500
001 - CONTROL NUMBER
control field L137191
008 - FIXED-LENGTH DATA ELEMENTS--GENERAL INFORMATION
fixed length control field 070321s2007 xxk f 000 0 eng d
035 ## - SYSTEM CONTROL NUMBER
System control number (Sirsi) u137191
041 0# - LANGUAGE CODE
Language code of text/sound track or separate title eng
050 04 - LIBRARY OF CONGRESS CALL NUMBER
Classification number 551.52 $2 18
110 1# - MAIN ENTRY--CORPORATE NAME
Corporate name or jurisdiction name as entry element London Climate Change Partnership
9 (RLIN) 4995
245 00 - TITLE STATEMENT
Title Adapting to climate change
Remainder of title a case study companion to the checklist for development
Medium [electronic resource]
260 ## - PUBLICATION, DISTRIBUTION, ETC.
Place of publication, distribution, etc. [S.l.]
Name of publisher, distributor, etc. LCCP
Date of publication, distribution, etc. 2007
505 2# - FORMATTED CONTENTS NOTE
Formatted contents note Development checklist headings -- Location -- Site layout -- Building structure -- Building physical envelope -- Building materials -- Ventilation and cooling -- Drainage -- Water -- Outdoor spaces -- Connectivity: infrastructure resilience -- Connectivity: impact on neighbours -- Aspirational -- Appendix one: summary checklist from "Adapting to climate change: a checklist for development".
520 ## - SUMMARY, ETC.
Summary, etc. Provides case studies of developments or buildings that use techniques or design features which can reduce exposure to climate risk. The case studies span a number of climate change adaptation issues including location, site layout, ventilation, drainage, water, outdoor spaces and connectivity. They cover buildings and developments in the UK and abroad which have certain features that will be relevant for the climate conditions of eastern and southeastern England in the future. The case study companion should be read alongside "Adapting to climate change: a checklist for development" (L137238).
590 ## - LOCAL NOTE (RLIN)
Local note KA
651 #4 - SUBJECT ADDED ENTRY--GEOGRAPHIC NAME
Geographic name United Kingdom
Chronological subdivision
690 ## - LOCAL SUBJECT ADDED ENTRY--TOPICAL TERM (OCLC, RLIN)
Topical term or geographic name as entry element ENVIRONMENTAL AND LAND CONSULTANCY-ENVIRONMENTAL MANAGEMENT
690 ## - LOCAL SUBJECT ADDED ENTRY--TOPICAL TERM (OCLC, RLIN)
Topical term or geographic name as entry element BUILT ENVIRONMENT-CONSTRUCTION DESIGN
710 1# - ADDED ENTRY--CORPORATE NAME
Corporate name or jurisdiction name as entry element South East Climate Change Partnership
710 1# - ADDED ENTRY--CORPORATE NAME
Corporate name or jurisdiction name as entry element East of England Sustainable Development Round Table
856 40 - ELECTRONIC LOCATION AND ACCESS
Uniform Resource Identifier <a href="https://www.sfrpc.com/Climate%20Change/12.pdf">https://www.sfrpc.com/Climate%20Change/12.pdf</a>
Public note View the guide free of charge at www.sfrpc.com
942 ## - ADDED ENTRY ELEMENTS (KOHA)
Suppress in OPAC 0
Holdings
Withdrawn status Lost status Source of classification or shelving scheme Damaged status Not for loan Home library Current library Shelving location Date acquired Total Checkouts Full call number Barcode Date last seen Copy number Price effective from Koha item type
    Dewey Decimal Classification     Virtual Virtual Online 26/03/2007   ONLINE PUBLICATION 137191-1001 06/08/2019 1 06/08/2019 Book